000 00551nam a22002057a 4500
005 20230201144829.0
008 230201b ||||| |||| 00| 0 eng d
040 _cAL
041 _aEnglish
082 _223
_a332.64
_bAGAC
100 _aAnil Agashe
_970491
245 _aCapital Market
260 _aPune
_bSymbiosis Centre for Distance Learning
_c2009
300 _a292 p.
_bPB
_c24x17 cm.
650 _aMarket
_970492
650 _adevelopments
_970493
650 _astock exchange
_970494
700 _aAGASHE (Anil)
_970495
942 _2ddc
_cDB
999 _c226520
_d226520